Financial management : (Record no. 5830)
[ view plain ]
| 000 -LEADER | |
|---|---|
| fixed length control field | 00706nam a22002417a 4500 |
| 001 - CONTROL NUMBER | |
| control field | 17422 |
| 003 - CONTROL NUMBER IDENTIFIER | |
| control field | BD-DhUAP |
| 005 - DATE AND TIME OF LATEST TRANSACTION | |
| control field | 20201221151542.0 |
| 008 - FIXED-LENGTH DATA ELEMENTS--GENERAL INFORMATION | |
| fixed length control field | 201221s2011 ii a|||| |||| 001 0 eng d |
| 020 ## - INTERNATIONAL STANDARD BOOK NUMBER | |
| International Standard Book Number | 9780071067850 |
| 020 ## - INTERNATIONAL STANDARD BOOK NUMBER | |
| International Standard Book Number | 007106785X |
| 040 ## - CATALOGING SOURCE | |
| Original cataloging agency | BD-DhUAP |
| Language of cataloging | Eng |
| Transcribing agency | BD-DhUAP |
| Modifying agency | BD-DhUAP |
| 082 ## - DEWEY DECIMAL CLASSIFICATION NUMBER | |
| Edition number | 23 |
| Classification number | 658.15 KHA |
| 100 ## - MAIN ENTRY--PERSONAL NAME | |
| Personal name | Khan, M. Y. |
| 245 ## - TITLE STATEMENT | |
| Title | Financial management : |
| Remainder of title | text, problems and cases / |
| Statement of responsibility, etc. | M. Y. Khan and P. K. Jain. |
| 250 ## - EDITION STATEMENT | |
| Edition statement | 6th ed. |
| 260 ## - PUBLICATION, DISTRIBUTION, ETC. | |
| Place of publication, distribution, etc. | New Delhi : |
| Name of publisher, distributor, etc. | McGraw-Hill Education, |
| Date of publication, distribution, etc. | c2011. |
| 300 ## - PHYSICAL DESCRIPTION | |
| Extent | various pages : |
| Other physical details | illustrations ; |
| Dimensions | 24 cm. |
| 500 ## - GENERAL NOTE | |
| General note | Includes index. |
| 650 ## - SUBJECT ADDED ENTRY--TOPICAL TERM | |
| Topical term or geographic name entry element | Corporations |
| Form subdivision | Finance. |
| 700 ## - ADDED ENTRY--PERSONAL NAME | |
| Personal name | Jain, P. K. |
| 942 ## - ADDED ENTRY ELEMENTS (KOHA) | |
| Source of classification or shelving scheme | |
| Koha item type | Book |
| Withdrawn status | Lost status | Source of classification or shelving scheme | Damaged status | Not for loan | Permanent Location | Current Location | Shelving location | Date acquired | Full call number | Barcode | Date last seen | Copy number | Price effective from | Koha item type |
|---|---|---|---|---|---|---|---|---|---|---|---|---|---|---|
| DBA Seminar Library | DBA Seminar Library | General Stacks | 2021-01-05 | 658.15 KHA | 3010018168 | 2021-01-05 | 11 | 2021-01-05 | Book | |||||
| DBA Seminar Library | DBA Seminar Library | General Stacks | 2021-01-05 | 658.15 KHA | 3010018169 | 2021-01-05 | 12 | 2021-01-05 | Book | |||||
| DBA Seminar Library | DBA Seminar Library | General Stacks | 2021-01-05 | 658.15 KHA | 3010018173 | 2021-01-05 | 13 | 2021-01-05 | Book | |||||
| DBA Seminar Library | DBA Seminar Library | General Stacks | 2021-01-05 | 658.15 KHA | 3010018170 | 2021-01-05 | 14 | 2021-01-05 | Book | |||||
| DBA Seminar Library | DBA Seminar Library | General Stacks | 2021-01-05 | 658.15 KHA | 3010018171 | 2021-01-05 | 15 | 2021-01-05 | Book | |||||
| DBA Seminar Library | DBA Seminar Library | General Stacks | 2021-01-05 | 658.15 KHA | 3010018172 | 2021-01-05 | 16 | 2021-01-05 | Book | |||||
| UAP Central Library | UAP Central Library | General Stacks | 2020-12-21 | 658.15 KHA | 3010017422 | 2020-12-21 | 1 | 2020-12-21 | Book | |||||
| UAP Central Library | UAP Central Library | General Stacks | 2020-12-21 | 658.15 KHA | 3010017424 | 2020-12-21 | 2 | 2020-12-21 | Book | |||||
| UAP Central Library | UAP Central Library | General Stacks | 2020-12-21 | 658.15 KHA | 3010017419 | 2020-12-21 | 3 | 2020-12-21 | Book | |||||
| UAP Central Library | UAP Central Library | General Stacks | 2020-12-21 | 658.15 KHA | 3010017420 | 2020-12-21 | 4 | 2020-12-21 | Book | |||||
| UAP Central Library | UAP Central Library | General Stacks | 2020-12-21 | 658.15 KHA | 3010017423 | 2020-12-21 | 5 | 2020-12-21 | Book | |||||
| UAP Central Library | UAP Central Library | General Stacks | 2020-12-21 | 658.15 KHA | 3010017418 | 2020-12-21 | 6 | 2020-12-21 | Book | |||||
| UAP Central Library | UAP Central Library | General Stacks | 2020-12-21 | 658.15 KHA | 3010017426 | 2020-12-21 | 7 | 2020-12-21 | Book | |||||
| UAP Central Library | UAP Central Library | General Stacks | 2020-12-21 | 658.15 KHA | 3010017427 | 2020-12-21 | 8 | 2020-12-21 | Book | |||||
| UAP Central Library | UAP Central Library | General Stacks | 2020-12-21 | 658.15 KHA | 3010017421 | 2020-12-21 | 9 | 2020-12-21 | Book | |||||
| UAP Central Library | UAP Central Library | General Stacks | 2020-12-21 | 658.15 KHA | 3010017425 | 2020-12-21 | 10 | 2020-12-21 | Book |
Bengali Keyboard